Normal view MARC view

Entry Nome pessoal

Number of records used in: 1

001 - NÚMERO DE CONTROLE

  • campo de controle: 377

003 - IDENTIFICADOR DO NÚMERO DE CONTROLE

  • campo de controle: Br

005 - DATA E HORÁRIO DA ÚLTIMA TRANSAÇÃO

  • campo de controle: 20250203090815.0

008 - CAMPO DE DADOS FIXOS

  • campo de controle de tamanho fixo: 100091|| acnnnaab| aaaa d

035 ## - NÚMERO DE CONTROLE DO SISTEMA

  • Número de Controle do Sistema: 100091916061775E52

040 ## - FONTE DA CATALOGAÇÃO

  • Instituição da catalogação original: Br
  • Instituição que transcreveu o registro: Br

100 1# - CABEÇALHO--NOME PESSOAL

  • Nome pessoal: Doctorow, E. L.,
  • Datas associadas ao nome: 1931-2015

400 1# - REMISSIVA VER--NOME PESSOAL

  • Nome pessoal: Doctorow, Edgar Lawrence,
  • Datas associadas ao nome: 1931-2015

670 ## - FONTE POSITIVA DOS DADOS

  • Citação da fonte positiva dos dados: Autor de: O lago da solidão. [1982?]

670 ## - FONTE POSITIVA DOS DADOS

  • Citação da fonte positiva dos dados: http://authorities.loc.gov 22/7/2015
  • Dados encontrados na fonte localizada no subcampo: (d.n., rem.)

670 ## - FONTE POSITIVA DOS DADOS

  • Citação da fonte positiva dos dados: http://viaf.org/processed/BNF%7C11900295
  • Dados encontrados na fonte localizada no subcampo: (Doctorow, Edgar Lawrence; d.n., rem.)

670 ## - FONTE POSITIVA DOS DADOS

  • Citação da fonte positiva dos dados: https://en.wikipedia.org/wiki/E._L._Doctorow
  • Dados encontrados na fonte localizada no subcampo: (Edgar Lawrence "E. L." Doctorow nasceu no dia 6 de janeiro de 1931 e faleceu no dia 21 de julho de 2015)

670 ## - FONTE POSITIVA DOS DADOS

  • Citação da fonte positiva dos dados: http://viaf.org/processed/WKP%7CQ335232
  • Dados encontrados na fonte localizada no subcampo: (E. L. Doctorow, novelista, editor, professor)

Powered by Koha